| 000 | 00700nam a2200205 a 4500 | ||
|---|---|---|---|
| 001 | 000003373 | ||
| 005 | 20240412074200.0 | ||
| 008 | 090708s2008 dr 000 f spa d | ||
| 040 |
_aDO-SdBNP _bspa _cBNPHU |
||
| 082 |
_aRD863.44 _bT266e |
||
| 100 | 1 |
_aTejera Díaz, Juan Víctor _910539 |
|
| 245 | 1 | 3 |
_aLa enviada : _btrata de un hecho verídico / _cJuan Víctor Tejera Díaz. |
| 260 |
_aSanto Domingo : _b[s.n.], _c2008. |
||
| 300 |
_a123 p. ; _c23 cm. |
||
| 500 | _aIncluye datos biográficos del autor en la contracubierta | ||
| 590 | _aInventariado, 2019/VM | ||
| 650 | 0 |
_aNovela histórica dominicana. _9860 |
|
| 650 | 0 |
_aLiteratura dominicana. _967 |
|
| 910 | _aValidado. Control de calidad MFF | ||
| 999 |
_c3203 _d3203 |
||